[Event "Istanbul op-A"]
[Site "Istanbul"]
[Date "2018.09.04"]
[Round "4"]
[White "Niyazmetov, Hudoshukur"]
[Black "Acarbay, Aydin"]
[Result "0-1"]
[WhiteElo "2008"]
[BlackElo "1894"]
[PlyCount "98"]
[EventDate "2018.09.02"]
[EventType "swiss"]
[EventRounds "9"]
[EventCountry "TUR"]
[SourceTitle "CBM 186 Extra"]
[Source "ChessBase"]
[SourceDate "2018.08.24"]
[SourceVersion "1"]
[SourceVersionDate "2018.08.24"]
[SourceQuality "1"]

1. d4 d5 2. Nf3 Nf6 3. c4 c6 4. Nc3 dxc4 5. a4 Bf5 6. Ne5 Nbd7 7. Nxc4 Nb6 8. Ne5 a5 9. f3 Nfd7 10. Nxd7 Bxd7 11. e4 e5 12. dxe5 Bc5 13. Bf4 Qh4+ 14. Bg3 Qe7 15. Bd3 Rd8 16. Qe2 Be6 17. 0-0-0 Bd4 18. Bf2 Bxf2 19. Qxf2 Qb4 20. Bb5 Rxd1+ 21. Rxd1 Nd7 22. Be2 Nc5 23. Kb1 0-0 24. Qd4 g6 25. f4 Bb3 26. Rd2 Bxa4 27. Qxb4 axb4 28. Nxa4 Nxa4 29. Rd7 Nc5 30. Rd4 Ne6 31. Rxb4 Nxf4 32. Bf1 b5 33. Rd4 Re8 34. g3 Ne6 35. Rd6 Rc8 36. Bh3 Re8 37. Rxc6 Ng5 38. Bg2 Rxe5 39. Rb6 Nxe4 40. Bxe4 Rxe4 41. Rxb5 Re2 42. Rb3 Rxh2 43. Ka2 h5 44. Re3 Rh3 45. b4 h4 46. b5 Rxg3 47. Re8+ Kg7 48. b6 Rg5 49. Rb8 Rb5 0-1

[Event "Enez op"]
[Site "Enez"]
[Date "2018.??.??"]
[Round "7"]
[White "Koutlas, Nikolaos"]
[Black "Niyazmetov, Hudoshukur"]
[Result "1/2-1/2"]
[WhiteElo "1677"]
[BlackElo "2040"]
[PlyCount "57"]
[EventDate "2018.09.15"]
[EventType "swiss"]
[EventRounds "9"]
[EventCountry "TUR"]
[SourceTitle "EXT 2019"]
[Source "ChessBase"]
[SourceDate "2018.10.10"]
[SourceVersion "1"]
[SourceVersionDate "2018.10.10"]
[SourceQuality "1"]

1. c4 Nf6 2. Nc3 c5 3. g3 g6 4. Bg2 Bg7 5. e4 d6 6. Nge2 0-0 7. 0-0 Nc6 8. h3 a6 9. d3 Rb8 10. f4 e6 11. Be3 Qe7 12. d4 cxd4 13. Nxd4 Qc7 14. Rc1 Rd8 15. Nd5 Qd7 16. Nb6 Qe7 17. g4 Nd7 18. Nxc8 Rdxc8 19. Qd2 Nxd4 20. Bxd4 e5 21. Be3 exf4 22. Bxf4 Ne5 23. b3 Bf6 24. Rcd1 Rc6 25. Qd5 g5 26. Be3 h6 27. Rf5 Bg7 28. Rdf1 Rf8 29. Rd1 1/2-1/2

[Event "Enez op"]
[Site "Enez"]
[Date "2018.??.??"]
[Round "6"]
[White "Niyazmetov, Hudoshukur"]
[Black "Erdogdu, Mert"]
[Result "0-1"]
[WhiteElo "2040"]
[BlackElo "2411"]
[PlyCount "70"]
[EventDate "2018.09.15"]
[EventType "swiss"]
[EventRounds "9"]
[EventCountry "TUR"]
[SourceTitle "EXT 2019"]
[Source "ChessBase"]
[SourceDate "2018.10.10"]
[SourceVersion "1"]
[SourceVersionDate "2018.10.10"]
[SourceQuality "1"]

1. d4 Nf6 2. c4 g6 3. Nc3 Bg7 4. e4 d6 5. Be2 0-0 6. Bg5 Na6 7. Qd2 e5 8. d5 c6 9. h3 Nc5 10. Qc2 cxd5 11. cxd5 a5 12. Nf3 Bd7 13. a4 Rc8 14. Nd2 h6 15. Be3 Ncxe4 16. Ndxe4 Nxe4 17. Qb3 Nxc3 18. bxc3 e4 19. Rc1 f5 20. g3 g5 21. Rg1 Kh8 22. Bb6 Qe7 23. Bxa5 Ra8 24. Qb6 Bxa4 25. Bb4 Be5 26. h4 gxh4 27. gxh4 Rg8 28. Rxg8+ Rxg8 29. Ra1 Qd7 30. Qe3 Kh7 31. f3 Bb5 32. Ra2 Bxe2 33. Qxe2 Rg1+ 34. Kd2 Qg7 35. Kc2 Rg2 0-1